000 00510nam a2200193Ia 4500
005 20250326143143.0
008 250326s9999 xx 000 0 und d
020 _a81-8052-018-8
037 _aTextbook
040 _aFMSL
_beng
_cFMSL
041 _aeng
_2eng
084 _aX:74 P4
_qFMSL
100 _aMoss G
_9742499
245 0 _aRevitalise your business
_cMoss G
260 _aNew Delhi
_bNew Delhi, Ane Books
_c2004
300 _a300p
942 _cTB
_hX:74 P4
999 _c1298349
_d1298349